000 00424nam a2200169Ia 4500
003 GCL
008 140319s9999 xx 000 0 eng d
040 _aGCL /
_cGCL
082 0 4 _a708.45
_bC M
100 1 _aCANTON, F.J.SANEHOZ
245 1 0 _aMUSEL DEL MONDO: MADRIO PRADO /
_cCANTON, F.J.SANEHOZ
260 _a[S.N] :
_bMONDADARI
650 0 4 _aMUSEUMS
650 0 4 _aART, FRANCE
650 0 4 _aGALLERIES
942 _2ddc
_cBK
999 _c19486
_d19486